[Event "Europa ch 2008"]
[Site "Plovdiv BUL"]
[Date "2008.04.24"]
[Round "4.93"]
[White "Sulskis, Sarunas"]
[Black "Chigladze, Iveri"]
[Result "1-0"]
[WhiteElo "2555"]
[BlackElo "2384"]
[PlyCount "43"]
[EventDate "2008.04.21"]
[Source "www.chesslib.no"]
[SourceDate "2004.05.04"]

1. e4 Nf6 2. e5 Nd5 3. d4 d6 4. Nf3 Bg4 5. h3 Bxf3 6. Qxf3 dxe5 7. dxe5 e6 8. Bc4 Nc6 9. Qe4 Nde7 10. Be3 Nf5 11. Nd2 Nxe3 12. fxe3 Bc5 13. Ba6 Qc8 14. O-O-O Rb8 15. Rhf1 O-O 16. Bd3 g6 17. Qf4 Ne7 18. Rf3 Nd5 19. Qh6 Kh8 20. Ne4 Be7 21. Rdf1 Qe8 22. Nf6 1-0

[Event "CSR-ch int"]
[Site "Decin"]
[Date "1977.??.??"]
[Round "1"]
[White "Prandstetter, Eduard"]
[Black "Alburt, Lev O"]
[Result "1-0"]
[WhiteElo "2385"]
[BlackElo "2505"]
[PlyCount "79"]
[EventDate "1977.07.??"]
[Source "ChessBase"]

1. e4 Nf6 2. e5 Nd5 3. d4 d6 4. Nf3 Bg4 5. h3 Bxf3 6. Qxf3 dxe5 7. dxe5 e6 8. Qe4 Nd7 9. Bc4 c6 10. O-O Bc5 11. Nd2 Ne7 12. Nf3 Nf5 13. Bf4 Nh4 14. Rad1 Nxf3+ 15. Qxf3 O-O 16. b4 Bxb4 17. Qb3 a5 18. c3 Bc5 19. Qxb7 Qh4 20. g3 Qxh3 21. Qxd7 g5 22. Qd2 Rad8 23. Qc1 gxf4 24. Qxf4 Qh5 25. Be2 Qg6 26. Kg2 Be7 27. Qf3 Rd5 28. Rxd5 cxd5 29. Bd3 Qg5 30. Rh1 h6 31. Rh5 Qd2 32. c4 Rd8 33. c5 Rc8 34. Bb5 Bxc5 35. Rh4 Be7 36. Rf4 Rc1 37. Qh5 f5 38. exf6 Bf8 39. Qg6+ Kh8 40. Rg4 1-0

[Event "Hlohovec Open"]
[Site "Hlohovec"]
[Date "1994.??.??"]
[Round "?"]
[White "Meister, Yakov"]
[Black "Sergeev, Vladimir"]
[Result "1-0"]
[WhiteElo "2445"]
[BlackElo "2445"]
[PlyCount "128"]
[EventDate "1994.??.??"]
[Source "www.chesslib.no"]
[SourceDate "2004.05.04"]

1. e4 Nf6 2. e5 Nd5 3. d4 d6 4. Nf3 Bg4 5. h3 Bxf3 6. Qxf3 dxe5 7. Nc3 c6 8. dxe5 e6 9. Nxd5 Qxd5 10. Qxd5 cxd5 11. f4 Nc6 12. Be3 Bb4+ 13. c3 Ba5 14. O-O-O Bb6 15. Bxb6 axb6 16. Kb1 Ra4 17. g3 g5 18. Bd3 gxf4 19. b3 Ra8 20. gxf4 Ke7 21. Rhg1 Rag8 22. Kb2 f6 23. exf6+ Kxf6 24. a4 Ne7 25. Ka3 Nc6 26. c4 Rxg1 27. Rxg1 dxc4 28. Bxc4 Rd8 29. Rg3 Rd7 30. Rg8 Re7 31. Bd3 Rd7 32. Be4 Na5 33. Rh8 Rd4 34. Bc2 Rxf4 35. Rxh7 Rf2 36. Kb2 Nc6 37. Kc1 Rf1+ 38. Bd1 Na5 39. Kd2 Rf2+ 40. Kc3 Rf1 41. Bg4 Rc1+ 42. Kb2 Re1 43. Kc2 Re4 44. Rh8 Nc6 45. Kd3 Rd4+ 46. Kc3 Rd6 47. Rh7 Ne7 48. Bf3 Rd7 49. Kc2 Rc7+ 50. Kb2 b5 51. axb5 b6 52. Bg4 Kg6 53. Rh8 Rc5 54. Bxe6 Rxb5 55. Bc4 Rc5 56. Bd3+ Kg7 57. Rh7+ Kf8 58. Rh6 Rc6 59. Rh8+ Kg7 60. Rh7+ Kf8 61. Bc4 Rc5 62. h4 b5 63. Bd3 Nc6 64. Be4 Nd4 1-0

[Event "Tatran Cup"]
[Site "Stary Smokovec SVK"]
[Date "1981.??.??"]
[Round "?"]
[White "Banas, Jan"]
[Black "Bagirov, Vladimir K"]
[Result "1/2-1/2"]
[WhiteElo "2375"]
[BlackElo "2505"]
[PlyCount "43"]
[EventDate "1981.11.??"]
[Source "www.chesslib.no"]
[SourceDate "2004.05.04"]

1. e4 Nf6 2. e5 Nd5 3. d4 d6 4. Nf3 Bg4 5. h3 Bxf3 6. Qxf3 dxe5 7. dxe5 e6 8. a3 c6 9. Nd2 Nd7 10. Qg3 Ne7 11. Ne4 Ng6 12. f4 Nc5 13. Nxc5 Bxc5 14. Bd2 Qh4 15. Qxh4 Nxh4 16. b4 Bb6 17. O-O-O O-O-O 18. g4 Nf3 19. Bd3 Nxd2 20. Kxd2 h5 21. Ke2 Rd4 22. Kf3 1/2-1/2

[Event "IBM-B"]
[Site "Amsterdam"]
[Date "1979.??.??"]
[Round "13"]
[White "Van Wijgerden, Cornelis"]
[Black "Hoelzl, Franz"]
[Result "0-1"]
[WhiteElo "2445"]
[BlackElo "2425"]
[PlyCount "144"]
[EventDate "1979.07.??"]
[Source "ChessBase"]

1. e4 Nf6 2. e5 Nd5 3. d4 d6 4. Nf3 Bg4 5. h3 Bxf3 6. Qxf3 dxe5 7. dxe5 e6 8. Bc4 Nc6 9. Qe4 Nde7 10. O-O Qd4 11. Qxd4 Nxd4 12. Bd3 Nec6 13. Be3 O-O-O 14. Bxd4 Rxd4 15. Re1 Bb4 16. Nc3 Rhd8 17. g3 h5 18. Kg2 Bxc3 19. bxc3 R4d5 20. f4 Rc5 21. c4 Rd4 22. Kf3 Na5 23. Re4 Rxe4 24. Kxe4 b6 25. Kd4 Kd7 26. h4 Ke7 27. Be2 f6 28. exf6+ gxf6 29. Bd3 Nb7 30. Rg1 Nd6 31. g4 hxg4 32. Rxg4 Rh5 33. Rg7+ Kd8 34. Rg8+ Kd7 35. Rg7+ Kc6 36. Rg6 e5+ 37. Kc3 Rxh4 38. fxe5 fxe5 39. Rg7 Rh3 40. Kd2 e4 41. Bf1 Rf3 42. Bg2 Nxc4+ 43. Ke2 Rf4 44. Bh3 Rh4 45. Rg6+ Kc5 46. Bg2 Rf4 47. Rg7 e3 48. Rxc7+ Kb4 49. Kd3 a5 50. Bd5 b5 51. c3+ Ka4 52. Bxc4 Rxc4 53. Re7 Rh4 54. Rxe3 Rh2 55. Re4+ Ka3 56. Re5 Ka4 57. Re4+ b4 58. cxb4 axb4 59. Re8 Rxa2 60. Ra8+ Kb3 61. Rb8 Rh2 62. Rb7 Ka3 63. Rb8 b3 64. Ra8+ Kb2 65. Ra7 Rc2 66. Ra8 Rc7 67. Kd2 Rd7+ 68. Ke2 Kb1 69. Rb8 b2 70. Ra8 Rd4 71. Ke3 Rd5 72. Ke4 Rb5 0-1

[Event "Asztalos Memorial"]
[Site "Baja"]
[Date "1971.??.??"]
[Round "5"]
[White "Paoli, Enrico"]
[Black "Bagirov, Vladimir K"]
[Result "0-1"]
[WhiteElo "2340"]
[BlackElo "2510"]
[PlyCount "56"]
[EventDate "1971.05.??"]
[Source "www.chesslib.no"]
[SourceDate "2004.05.04"]

1. e4 Nf6 2. e5 Nd5 3. d4 d6 4. Nf3 Bg4 5. h3 Bxf3 6. Qxf3 dxe5 7. dxe5 e6 8. Qe4 Nd7 9. Bc4 N5b6 10. Be2 Nc5 11. Qf4 Nd5 12. Qc4 c6 13. Bd2 Qc7 14. f4 O-O-O 15. Bf3 g5 16. g3 gxf4 17. gxf4 Qb6 18. b3 Be7 19. h4 Rhg8 20. Qf1 f5 21. Bxd5 Rxd5 22. Nc3 Rxd2 23. Kxd2 Qb4 24. Qc4 Ne4+ 25. Kc1 Qxc4 26. bxc4 Ba3+ 27. Kd1 Nxc3+ 28. Kd2 Ne4+ 0-1

[Event "AUT Team Ch"]
[Site "Austria"]
[Date "1993.??.??"]
[Round "?"]
[White "Klinger, Josef"]
[Black "Wach, Markus"]
[Result "1-0"]
[WhiteElo "2480"]
[BlackElo "2330"]
[PlyCount "81"]
[EventDate "1993.??.??"]
[Source "www.chesslib.no"]
[SourceDate "2004.05.04"]

1. e4 Nf6 2. e5 Nd5 3. d4 d6 4. Nf3 Bg4 5. h3 Bxf3 6. Qxf3 dxe5 7. dxe5 e6 8. a3 c6 9. Nd2 Nd7 10. Qg3 Ne7 11. Nc4 Nf5 12. Qc3 Nb6 13. Bd2 Nxc4 14. Bxc4 Bc5 15. O-O-O Qb6 16. g4 Ne7 17. f4 Nd5 18. Qf3 Be3 19. f5 O-O-O 20. Rhe1 Bxd2+ 21. Rxd2 Nc7 22. Rd6 Rhf8 23. Qd3 g6 24. Rd1 Nd5 25. Bxd5 exd5 26. Rxd8+ Qxd8 27. Kb1 Re8 28. e6 fxe6 29. fxg6 hxg6 30. Qxg6 e5 31. h4 e4 32. h5 e3 33. h6 e2 34. Re1 Qe7 35. g5 Rf8 36. h7 Kc7 37. Rxe2 Rf1+ 38. Ka2 Qxe2 39. h8=Q Qd1 40. Qgg7+ Kb6 41. Qd4+ 1-0

[Event "Budapest FS06 GM"]
[Site "Budapest HUN"]
[Date "1993.??.??"]
[Round "1"]
[White "Lengyel, Bela"]
[Black "Varga, Zoltan"]
[Result "0-1"]
[WhiteElo "2350"]
[BlackElo "2450"]
[PlyCount "66"]
[EventDate "1993.06.??"]
[Source "www.chesslib.no"]
[SourceDate "2004.05.04"]

1. e4 Nf6 2. e5 Nd5 3. d4 d6 4. Nf3 Bg4 5. h3 Bxf3 6. Qxf3 dxe5 7. Bc4 e6 8. dxe5 Nd7 9. Qg3 Nb4 10. Na3 Nb6 11. Be2 Nc6 12. O-O Nd4 13. Bd3 Qd5 14. Nb1 Nf5 15. Bxf5 exf5 16. Nc3 Qc6 17. Rd1 g6 18. a4 Bg7 19. a5 Nc4 20. Bg5 Bxe5 21. f4 h6 22. fxe5 hxg5 23. Nd5 Qc5+ 24. Kh1 O-O-O 25. b4 Qb5 26. Qd3 c6 27. Ne7+ Kc7 28. Qg3 Qxe5 29. Qb3 Rxd1+ 30. Rxd1 Nd6 31. b5 Qxe7 32. b6+ Kb8 33. a6 Ne4 0-1

[Event "Marshall CC"]
[Site "New York, NY USA"]
[Date "1977.??.??"]
[Round "?"]
[White "Biyiasas, Peter"]
[Black "Kaimo, Roberto E"]
[Result "0-1"]
[WhiteElo "2435"]
[BlackElo "2355"]
[PlyCount "118"]
[EventDate "1977.01.??"]
[Source "www.chesslib.no"]
[SourceDate "2004.05.04"]

1. e4 Nf6 2. e5 Nd5 3. d4 d6 4. Nf3 Bg4 5. h3 Bxf3 6. Qxf3 c6 7. c4 Nc7 8. Nc3 dxe5 9. dxe5 g6 10. Bf4 Ne6 11. Rd1 Qa5 12. Bh2 Bg7 13. Qe4 Nd7 14. f4 Rd8 15. Be2 Qb6 16. Qb1 O-O 17. Bg1 Qa5 18. Be3 Bh6 19. Qc1 f6 20. Bg4 f5 21. Be2 Bg7 22. O-O g5 23. g3 Kh8 24. Kh1 Qc7 25. Qc2 gxf4 26. gxf4 Bh6 27. Bc1 Ndc5 28. b4 Na6 29. Qb2 Rxd1 30. Bxd1 Qd7 31. Rf3 Rg8 32. c5 Nac7 33. Qf2 Nb5 34. Bb3 Nxc3 35. Rxc3 Rg6 36. Be3 Nc7 37. Rc1 Qd3 38. Rd1 Qe4+ 39. Kh2 Nd5 40. Rd4 Qb1 41. Bxd5 cxd5 42. Rxd5 Qxb4 43. Rd7 Bf8 44. Bd4 Kg8 45. Qe2 Qa4 46. Rd8 Qc6 47. Qc4+ e6 48. Qe2 Kf7 49. Qf2 Be7 50. Rd6 Bxd6 51. exd6 b6 52. cxb6 axb6 53. Bxb6 Qxd6 54. Bd4 Qc6 55. Be5 Qb7 56. a4 h5 57. a5 h4 58. Qd2 Rg3 59. Qe2 Rxh3+ 0-1

[Event "FRG Team Ch"]
[Site "GER"]
[Date "1980.??.??"]
[Round "?"]
[White "Hess, Ralf"]
[Black "Dankert, Peter"]
[Result "1-0"]
[WhiteElo "2420"]
[BlackElo "2345"]
[PlyCount "97"]
[EventDate "1980.??.??"]
[Source "www.chesslib.no"]
[SourceDate "2004.05.04"]

1. e4 Nf6 2. e5 Nd5 3. d4 d6 4. Nf3 Bg4 5. h3 Bxf3 6. Qxf3 dxe5 7. dxe5 e6 8. Bc4 Nd7 9. Qe4 c6 10. O-O Be7 11. Nd2 Nc5 12. Qg4 g6 13. Nb3 Nd7 14. Re1 h5 15. Qe4 Qb6 16. c3 h4 17. Be2 O-O-O 18. Bg4 Kb8 19. Qf3 Rdf8 20. c4 Nb4 21. Qc3 Na6 22. a3 Ndc5 23. Nxc5 Bxc5 24. Qc2 Bd4 25. Rb1 Nc5 26. Bg5 Qb3 27. Qxb3 Nxb3 28. Bf6 Rhg8 29. Red1 c5 30. Be2 g5 31. Bh5 Na5 32. b4 Nxc4 33. bxc5 Bxc5 34. Rdc1 Nd2 35. Ra1 Nb3 36. Rxc5 Nxc5 37. Be7 b6 38. a4 Kb7 39. Bf3+ Kb8 40. Bd6+ Kc8 41. a5 Kd7 42. axb6 Rc8 43. Rxa7+ Ke8 44. Bxc5 Rxc5 45. Ra8+ Kd7 46. Rxg8 Rxe5 47. b7 Rb5 48. b8=Q Rxb8 49. Rxb8 1-0

[Event "URS-ch otbor"]
[Site "Rostov"]
[Date "1976.??.??"]
[Round "?"]
[White "Muratov, Vladimir A"]
[Black "Alexandria, Nana"]
[Result "1/2-1/2"]
[WhiteElo "2405"]
[BlackElo "2340"]
[PlyCount "87"]
[EventDate "1976.??.??"]
[Source "ChessBase"]

1. e4 Nf6 2. e5 Nd5 3. d4 d6 4. Nf3 Bg4 5. h3 Bxf3 6. Qxf3 dxe5 7. Nc3 c6 8. dxe5 e6 9. Bd2 Nd7 10. Qg3 Qc7 11. f4 Nc5 12. O-O-O O-O-O 13. Qf3 Nxc3 14. Bxc3 Rxd1+ 15. Kxd1 Na4 16. Kc1 Nxc3 17. Qxc3 g5 18. f5 exf5 19. e6 f6 20. Qxf6 Bg7 21. Qxf5 Qb6 22. Bd3 Qxb2+ 23. Kd2 Re8 24. Rf1 Kb8 25. Qe4 Qxa2 26. Rf7 Rxe6 27. Qf5 Bd4 28. Rxh7 a5 29. Ba6 Bc3+ 30. Kd3 Rd6+ 31. Ke2 Re6+ 32. Kd3 Rd6+ 33. Ke2 Qe6+ 34. Qxe6 Rxe6+ 35. Kd3 bxa6 36. Kxc3 Re3+ 37. Kb2 Rg3 38. h4 gxh4 39. Rxh4 Rxg2 40. Rh7 Rg3 41. Rf7 Re3 42. Rf5 a4 43. Rf7 a5 44. Rf5 1/2-1/2

[Event "BEL-chT9899"]
[Site "Antwerp"]
[Date "1999.03.??"]
[Round "8"]
[White "Cuijpers, Frans Andre"]
[Black "Vanderwaeren, Serge"]
[Result "1/2-1/2"]
[WhiteElo "2436"]
[BlackElo "2299"]
[PlyCount "48"]
[EventDate "1998.10.??"]
[Source "www.chesslib.no"]
[SourceDate "2004.05.04"]

1. e4 Nf6 2. e5 Nd5 3. d4 d6 4. Nf3 Bg4 5. h3 Bxf3 6. Qxf3 dxe5 7. dxe5 e6 8. Bc4 Nd7 9. Qe2 c6 10. O-O Bc5 11. Nd2 Nf4 12. Qg4 Ng6 13. Nf3 Qc7 14. Re1 O-O-O 15. Qe4 Ndxe5 16. Nxe5 Rd4 17. Qe2 Nxe5 18. Bb3 Ng6 19. Be3 Re4 20. Qf3 Re5 21. Bxc5 Rxc5 22. Rad1 Kb8 23. Rd4 Rf5 24. Qd1 Re5 1/2-1/2

[Event "Chanac Open"]
[Site "Chanac"]
[Date "1989.??.??"]
[Round "?"]
[White "Santo Roman, Marc"]
[Black "Lukasiewicz, Grzegorz"]
[Result "1-0"]
[WhiteElo "2375"]
[BlackElo "2340"]
[PlyCount "95"]
[EventDate "1989.??.??"]
[Source "www.chesslib.no"]
[SourceDate "2004.05.04"]

1. e4 Nf6 2. e5 Nd5 3. d4 d6 4. Nf3 Bg4 5. h3 Bxf3 6. Qxf3 dxe5 7. dxe5 e6 8. Bc4 Nd7 9. Qe2 c6 10. O-O Qc7 11. Re1 Bc5 12. Nd2 O-O-O 13. Nf3 h6 14. a3 g5 15. Bd3 Rhg8 16. c4 Nf4 17. Bxf4 gxf4 18. b4 Be7 19. Rad1 Rg7 20. Qe4 Rdg8 21. Bf1 c5 22. b5 Rg6 23. Qxf4 f5 24. Qd2 Nf8 25. a4 Nh7 26. a5 Bd8 27. Ra1 Qg7 28. g3 h5 29. Qf4 h4 30. Nxh4 Bg5 31. Nxg6 Bxf4 32. Nxf4 Ng5 33. Bg2 Qh6 34. Kf1 Rd8 35. a6 b6 36. Rad1 Nf7 37. Rxd8+ Kxd8 38. h4 Ke7 39. Bf3 Qg7 40. Bh5 Qg8 41. Bxf7 Kxf7 42. Rd1 Qa8 43. Rd7+ Ke8 44. Rb7 Qd8 45. Rxa7 Qd1+ 46. Kg2 Qd4 47. Rh7 Qe4+ 48. Kh2 1-0

[Event "Rosario"]
[Site "Rosario"]
[Date "1996.??.??"]
[Round "9"]
[White "Aguerreberry, Claudio"]
[Black "Sanchez Almeyra, Jorge"]
[Result "0-1"]
[WhiteElo "2265"]
[BlackElo "2445"]
[PlyCount "54"]
[EventDate "1996.??.??"]
[Source "ChessBase"]

1. e4 Nf6 2. e5 Nd5 3. d4 d6 4. Nf3 Bg4 5. h3 Bxf3 6. Qxf3 dxe5 7. dxe5 e6 8. Bd3 Nd7 9. Bf4 Nxf4 10. Qxf4 c6 11. O-O Qa5 12. Nc3 Qxe5 13. Qf3 Qc7 14. Rfe1 Bb4 15. Bc4 O-O 16. Re4 Bxc3 17. Qxc3 Nf6 18. Re5 Rad8 19. Rae1 Kh8 20. a4 Rd7 21. a5 Rfd8 22. Qf3 Rd4 23. b3 Qd6 24. g4 Rd1 25. g5 Qxe5 26. Rxd1 Qxg5+ 27. Kf1 Qxa5 0-1

[Event "Tatry op"]
[Site "Tatranske Zruby"]
[Date "2001.10.05"]
[Round "8"]
[White "Juricek, Stanislav"]
[Black "Velicka, Petr"]
[Result "0-1"]
[WhiteElo "2238"]
[BlackElo "2472"]
[PlyCount "36"]
[EventDate "2001.09.29"]
[Source "ChessBase"]
[SourceDate "2001.10.26"]

1. e4 Nf6 2. e5 Nd5 3. d4 d6 4. Nf3 Bg4 5. h3 Bxf3 6. Qxf3 c6 7. Qe4 dxe5 8. dxe5 e6 9. Nd2 Nd7 10. Nf3 Qa5+ 11. Bd2 Qb6 12. O-O-O Qxf2 13. c4 Nb4 14. a3 Nc5 15. Qg4 Nb3+ 16. Kb1 O-O-O 17. Be2 Qxe2 18. Rhe1 Qd3# 0-1

[Event "Sitges op"]
[Site "?"]
[Date "1996.??.??"]
[Round "3"]
[White "Cicak Slavko"]
[Black "Aoiz Linares Jose Javier"]
[Result "1-0"]
[WhiteElo "2445"]
[BlackElo "2255"]
[PlyCount "43"]
[EventDate "1996.??.??"]
[Source "www.chesslib.no"]
[SourceDate "2004.05.04"]

1. e4 Nf6 2. e5 Nd5 3. d4 d6 4. Nf3 Bg4 5. h3 Bxf3 6. Qxf3 dxe5 7. dxe5 e6 8. a3 Nc6 9. Bb5 Nde7 10. c4 a6 11. Ba4 b5 12. cxb5 Nxe5 13. Qc3 Qd5 14. b6+ N7c6 15. b7 Rb8 16. O-O Rxb7 17. Bf4 Ke7 18. Be3 Qe4 19. b4 a5 20. Bc5+ Kd7 21. Re1 axb4 22. axb4 1-0

[Event "CRO-Cup"]
[Site "Pula CRO"]
[Date "1993.??.??"]
[Round "3"]
[White "Balenovic, Zvonimir"]
[Black "Rogulj, Branko"]
[Result "1/2-1/2"]
[WhiteElo "2275"]
[BlackElo "2415"]
[PlyCount "82"]
[EventDate "1993.??.??"]
[Source "www.chesslib.no"]
[SourceDate "2004.05.04"]

1. e4 Nf6 2. e5 Nd5 3. d4 d6 4. Nf3 Bg4 5. h3 Bxf3 6. Qxf3 dxe5 7. dxe5 e6 8. Bc4 Nc6 9. Qe4 a6 10. O-O Nb6 11. Bb3 Qd4 12. Qxd4 Nxd4 13. Be3 Bc5 14. Re1 Nxb3 15. axb3 Bxe3 16. Rxe3 Rd8 17. Nc3 Nd5 18. Nxd5 Rxd5 19. Kf1 Ke7 20. Ke1 Rhd8 21. g3 g5 22. Kf1 Rc5 23. Re2 Rd4 24. Kg2 Rcd5 25. Ra4 c5 26. Ra5 c4 27. Ra3 Rb5 28. c3 Rdd5 29. bxc4 Rxe5 30. cxb5 Rxe2 31. bxa6 bxa6 32. b4 Rc2 33. Kf3 h5 34. g4 h4 35. Kg2 Kf6 36. Kf3 Kg7 37. Ke3 Kg6 38. Kf3 f5 39. gxf5+ Kxf5 40. Kg2 e5 41. Rxa6 Rxc3 1/2-1/2

[Event "CRO Team Ch"]
[Site "Pula CRO"]
[Date "1992.??.??"]
[Round "7"]
[White "Matkovic, Tonci"]
[Black "Zelcic, Robert"]
[Result "0-1"]
[WhiteElo "2310"]
[BlackElo "2380"]
[PlyCount "90"]
[EventDate "1992.??.??"]
[Source "www.chesslib.no"]
[SourceDate "2004.05.04"]

1. e4 Nf6 2. e5 Nd5 3. d4 d6 4. Nf3 Bg4 5. h3 Bxf3 6. Qxf3 dxe5 7. dxe5 e6 8. Bd2 Nd7 9. Qg3 Ne7 10. Bc3 c6 11. Nd2 Nd5 12. O-O-O Nxc3 13. Qxc3 Qg5 14. Re1 O-O-O 15. g3 Nb6 16. f4 Qe7 17. Ne4 Qc7 18. Qa5 Rd4 19. Qc3 Ra4 20. a3 Nd5 21. Qb3 Qa5 22. Bc4 Kb8 23. Bxd5 cxd5 24. Nc3 Rc4 25. Na2 Be7 26. Re2 h5 27. h4 Rhc8 28. Rd1 g6 29. Qf3 Qa4 30. Rdd2 Bd8 31. Qg2 Bb6 32. Kb1 Qb5 33. Qf3 Qc5 34. Qd3 Qc7 35. Qb3 Ba5 36. Rd3 Qc5 37. Rd1 a6 38. Qf3 Rxc2 39. b4 Qc4 40. Rxc2 Qxc2+ 41. Ka1 Bb6 42. Qd3 Qxd3 43. Rxd3 Rc2 44. Kb1 Rg2 45. Nc3 Bf2 0-1

[Event "Energy Cup"]
[Site "Olomouc"]
[Date "1998.08.13"]
[Round "6"]
[White "Helbich, Jan"]
[Black "Koutsin, Sergey"]
[Result "1/2-1/2"]
[WhiteElo "2250"]
[BlackElo "2415"]
[PlyCount "24"]
[EventDate "1998.08.??"]
[Source "www.chesslib.no"]
[SourceDate "2004.05.04"]

1. e4 Nf6 2. e5 Nd5 3. d4 d6 4. Nf3 Bg4 5. h3 Bxf3 6. Qxf3 dxe5 7. dxe5 e6 8. Qg3 Nc6 9. Bb5 Ndb4 10. Ba4 b5 11. Bb3 Nd4 12. Na3 Qd7 1/2-1/2

[Event "Ch Norway (team) 1998/99"]
[Site "Norway"]
[Date "1998.??.??"]
[Round "5"]
[White "Pouchet, Michael"]
[Black "Hoelzl, F."]
[Result "1/2-1/2"]
[WhiteElo "2345"]
[BlackElo "2310"]
[PlyCount "40"]
[EventDate "1998.??.??"]
[Source "www.chesslib.no"]
[SourceDate "2004.05.04"]

1. e4 Nf6 2. e5 Nd5 3. d4 d6 4. Nf3 Bg4 5. h3 Bxf3 6. Qxf3 dxe5 7. dxe5 e6 8. a3 c6 9. Nd2 Nd7 10. Qb3 Ne7 11. Nc4 Nf5 12. Qc3 Nb6 13. Bd3 Nxc4 14. Bxc4 Qd4 15. Qxd4 Nxd4 16. Bd3 O-O-O 17. O-O Nb3 18. Rb1 Nxc1 19. Rbxc1 Bc5 20. Rfe1 Bd4 1/2-1/2

[Event "FRA-ch op Accession"]
[Site "Vichy"]
[Date "2000.08.17"]
[Round "2"]
[White "Salaun, Yann"]
[Black "Coursaget, Nicolas"]
[Result "1-0"]
[WhiteElo "2396"]
[BlackElo "2251"]
[PlyCount "67"]
[EventDate "2000.08.15"]
[Source "www.chesslib.no"]
[SourceDate "2004.05.04"]

1. e4 Nf6 2. e5 Nd5 3. d4 d6 4. Nf3 Bg4 5. h3 Bxf3 6. Qxf3 c6 7. c4 Nb6 8. exd6 Qxd6 9. c5 Qe6+ 10. Be3 Nd5 11. Bc4 Nd7 12. Nc3 N7f6 13. O-O Qd7 14. Nxd5 Nxd5 15. b4 e6 16. Bxd5 Qxd5 17. Qxd5 exd5 18. b5 Kd7 19. Rfb1 Be7 20. a4 g5 21. a5 cxb5 22. Rxb5 Kc6 23. Rab1 Rab8 24. g4 Bd8 25. Bd2 Re8 26. Kf1 Re4 27. a6 b6 28. Ba5 Rxd4 29. cxb6 axb6 30. a7 Ra8 31. Bxb6 Bxb6 32. Rxb6+ Kc5 33. R1b5+ Kc4 34. Ra5 1-0

[Event "Buenos Aires Open GPI"]
[Site "Buenos Aires ARG"]
[Date "1991.??.??"]
[Round "6"]
[White "Bianchi, Guillermo"]
[Black "Bulcourf, Carlos E"]
[Result "1-0"]
[WhiteElo "2440"]
[BlackElo "2205"]
[PlyCount "63"]
[EventDate "1991.??.??"]
[Source "www.chesslib.no"]
[SourceDate "2004.05.04"]

1. e4 Nf6 2. e5 Nd5 3. d4 d6 4. Nf3 Bg4 5. h3 Bxf3 6. Qxf3 e6 7. Bc4 Nc6 8. Qe4 Ndb4 9. exd6 Qxd6 10. c3 Nd5 11. O-O Be7 12. Nd2 O-O-O 13. Re1 g5 14. Qf3 f5 15. Bb5 Na5 16. b4 g4 17. hxg4 fxg4 18. Qxg4 Nxc3 19. Rxe6 Qxb4 20. Bf1 Kb8 21. a3 Qa4 22. Rxe7 Rxd4 23. Qg7 Rhd8 24. Nf3 Rd1 25. Qxc3 Nc6 26. Re1 R1d6 27. Qc4 Qa5 28. Bf4 Rf6 29. Bg5 Rxf3 30. Bxd8 Rf8 31. Be7 Rc8 32. Rab1 1-0

[Event "Eksjo 1st"]
[Site "Eksjo SWE"]
[Date "1973.??.??"]
[Round "4"]
[White "Czerniak, Moshe"]
[Black "Liljedahl, Lennart"]
[Result "1-0"]
[WhiteElo "2370"]
[BlackElo "2260"]
[PlyCount "91"]
[EventDate "1973.??.??"]
[Source "www.chesslib.no"]
[SourceDate "2004.05.04"]

1. e4 Nf6 2. e5 Nd5 3. d4 d6 4. Nf3 Bg4 5. h3 Bxf3 6. Qxf3 dxe5 7. dxe5 e6 8. Qe4 c6 9. Nd2 Nd7 10. Nf3 Qc7 11. Bc4 h6 12. Bd2 g5 13. O-O O-O-O 14. Rfe1 Be7 15. Bf1 Rdg8 16. c4 N5b6 17. a4 Nb8 18. b4 c5 19. b5 h5 20. g4 hxg4 21. hxg4 N6d7 22. a5 f5 23. exf6 Bxf6 24. Ra2 Bd4 25. Bg2 Rf8 26. Nxd4 cxd4 27. b6 axb6 28. Bb4 e5 29. axb6 Qxb6 30. Bxf8 Rxf8 31. Rb1 Qd6 32. Qxb7+ Kd8 33. Rb5 Qc7 34. Qd5 Ke7 35. Be4 Rc8 36. Rb7 Qd6 37. Bf5 Qxd5 38. cxd5 Kd6 39. Ra8 Rc1+ 40. Kg2 e4 41. Bxe4 Nc5 42. Raxb8 Nxe4 43. Rd8+ Ke5 44. Re7+ Kf4 45. Rf8+ Kxg4 46. Rxe4+ 1-0

[Event "Buenos Aires GP"]
[Site "Buenos Aires ARG"]
[Date "1991.??.??"]
[Round "4"]
[White "Langier, Daniel"]
[Black "Szmetan, Jorge"]
[Result "0-1"]
[WhiteElo "2240"]
[BlackElo "2385"]
[PlyCount "68"]
[EventDate "1991.??.??"]
[Source "www.chesslib.no"]
[SourceDate "2004.05.04"]

1. e4 Nf6 2. e5 Nd5 3. d4 d6 4. Nf3 Bg4 5. h3 Bxf3 6. Qxf3 dxe5 7. Nc3 c6 8. dxe5 e6 9. Bd2 Nd7 10. Qg3 h5 11. Nxd5 cxd5 12. Bc3 h4 13. Qf4 g6 14. Qg4 Qc7 15. f4 Bc5 16. Bd3 O-O-O 17. O-O-O Kb8 18. Rhe1 Rc8 19. Kb1 Qb6 20. Ka1 Bf2 21. Rf1 Rxc3 22. bxc3 Qc5 23. Rxf2 Qxf2 24. Rb1 Qd2 25. Qg5 Qxc3+ 26. Rb2 Qc7 27. Bb5 Nc5 28. Qf6 Rc8 29. Qxh4 a6 30. Be2 Na4 31. Rb3 Qxc2 32. Qe1 Qc1+ 33. Rb1 Qxe1 34. Rxe1 Rc2 0-1

[Event "Bled op"]
[Site "Bled"]
[Date "1992.??.??"]
[Round "6"]
[White "Vavpetic, Vide"]
[Black "Zelcic, Robert"]
[Result "0-1"]
[WhiteElo "2220"]
[BlackElo "2380"]
[PlyCount "42"]
[EventDate "1992.??.??"]
[Source "ChessBase"]

1. e4 Nf6 2. e5 Nd5 3. d4 d6 4. Nf3 Bg4 5. h3 Bxf3 6. Qxf3 dxe5 7. dxe5 e6 8. a3 c6 9. c4 Ne7 10. Bd2 Ng6 11. Qe2 Nd7 12. f4 Nc5 13. Qe3 Nh4 14. g4 a5 15. Kf2 h5 16. b4 axb4 17. Bxb4 hxg4 18. hxg4 Ne4+ 19. Qxe4 Bxb4 20. Be2 Bc5+ 21. Kg3 Qb6 0-1

[Event "Geneve op"]
[Site "Geneve"]
[Date "1997.??.??"]
[Round "4"]
[White "Vianin, Pascal"]
[Black "Lukasiewicz, Grzegorz"]
[Result "0-1"]
[WhiteElo "2205"]
[BlackElo "2390"]
[PlyCount "102"]
[EventDate "1997.01.??"]
[Source "www.chesslib.no"]
[SourceDate "2004.05.04"]

1. e4 Nf6 2. e5 Nd5 3. d4 d6 4. Nf3 Bg4 5. h3 Bxf3 6. Qxf3 dxe5 7. dxe5 e6 8. Qb3 Nb6 9. a4 Qd5 10. Qxd5 Nxd5 11. Bc4 Nb4 12. Na3 N8c6 13. f4 Nd4 14. Kd1 O-O-O 15. Bd2 Nf5 16. Re1 Bc5 17. Kc1 Rd7 18. g4 Nh4 19. Be3 Bxe3+ 20. Rxe3 Rhd8 21. b3 Rd1+ 22. Kb2 Rxa1 23. Kxa1 g6 24. Kb2 Nc6 25. Bd3 Ng2 26. Re4 Rd4 27. f5 Nf4 28. fxe6 Rxe4 29. Bxe4 fxe6 30. Bxc6 bxc6 31. h4 h5 32. gxh5 gxh5 33. Kc3 Ng6 34. Kd4 Nxh4 35. Ke4 Kd7 36. Nc4 Nf5 37. Nd2 c5 38. c3 Ne7 39. Kf3 Kc6 40. Ne4 Kd5 41. Nf6+ Kxe5 42. Nxh5 Nd5 43. c4 Ne7 44. Ke3 Nf5+ 45. Kd3 a5 46. Kc3 Nd4 47. Ng7 Kf4 48. Ne8 e5 49. Nxc7 e4 50. Na6 Ne6 51. Kd2 Kf3 0-1

[Event "Mar del Plata op"]
[Site "Mar del Plata"]
[Date "1996.??.??"]
[Round "4"]
[White "Farah, Rodolfo"]
[Black "Szmetan, Jorge"]
[Result "0-1"]
[WhiteElo "2170"]
[BlackElo "2405"]
[PlyCount "42"]
[EventDate "1996.03.??"]
[Source "ChessBase"]

1. e4 Nf6 2. e5 Nd5 3. d4 d6 4. Nf3 Bg4 5. h3 Bxf3 6. Qxf3 dxe5 7. Bc4 e6 8. dxe5 Nd7 9. Qg3 c6 10. O-O Qc7 11. f4 O-O-O 12. a4 Ne7 13. c3 Nf5 14. Qf3 h5 15. b4 g5 16. Re1 g4 17. hxg4 hxg4 18. Qf2 Nb6 19. Bf1 g3 20. Qf3 f6 21. a5 Rh1+ 0-1